000 00543nam a2200181Ia 4500
003 GCL
008 140319s9999 xx 000 0 ara d
040 _aGCL /
_cGCL
082 0 4 _a814
_bع ج
100 1 _aعلى الجارم
245 1 0 _aجارميات بحوث ومقالات الشاعر والاديب اللغوى /
_cعلى الجارم
260 _a[S.N] :
_bدار الشروق ،
_c1992
300 _a334 ص
490 _a
650 0 4 _aالادب العربى
650 0 4 _aالمقالات العربية
942 _2ddc
_cBK
999 _c30901
_d30901